| 000 | 00960 a2200205 4500 | ||
|---|---|---|---|
| 003 | NUST | ||
| 005 | 20221117131013.0 | ||
| 010 | _a 91025336 | ||
| 020 | _a0201578883 | ||
| 040 | _cNust | ||
| 082 | 0 | 0 | _a515,KAP |
| 100 | 1 |
_aKaplan, Wilfred, _939040 |
|
| 245 | 1 | 0 |
_aAdvanced calculus / _cWilfred Kaplan. |
| 250 | _a4th ed. | ||
| 260 |
_aRedwood City, Calif. : _bAddison-Wesley, Advanced Book Program, _c1991. |
||
| 300 |
_axvi, 746 p. : _bill. ; _c24 cm. |
||
| 505 | _a Vectors and Matrices (Page-1), Differential Calculus of Functions of Several Variables (Page-73), Vector Differential Calculus (Page-181), Integral Calculus of Function of several Variables (Page-225), Vector Integral Calculus (Page-279), Infinite Series (Page-391), Fourier and Orthogonal Functions (Page-491), Functions of A Complex Variables (Page-557), Conformal Mapping (Page-623), Partial Differential Equations (Page-657). | ||
| 650 | 0 | _aCalculus. | |
| 942 |
_2ddc _cBK _k515,KAP |
||
| 999 |
_c189574 _d189574 |
||